000 00984cam a22003011 4500
001 76800
003 BD-RjUL
005 20211209082905.0
008 200120s1965 nyuabc b 000 0 eng
035 _a(BD-RjUL)
040 _aDLC
_cDLC
_dDLC
_beng
041 _aeng
043 _ae-fr---
082 0 0 _a940.5421
_223
_bCOI 1965
100 1 _aCollins, Larry.
_9237951
245 0 0 _aIs Paris burning? /
_c[By] Larry Collins and Dominique Lapierre.
260 _aNew York :
_bSimon and Schuster ,
_c[1965]
300 _a376 p. :
_billus., maps (part col.) ports.;
_c24 cm.
500 _aIn the French ed. Dominique Lapierre appears first on t.p.
504 _aBibliography: p. 351-357.
650 0 _aWorld War, 1939-1945
_zFrance
_zParis.
_9237952
651 0 _aParis (France)
_xHistory
_y1940-1944.
_9237953
700 1 _aLapierre, Dominique.
_980310
906 _a7
_bcbc
_corignew
_du
_eocip
_f19
_gy-gencatlg
942 _2ddc
_cBK
999 _c76800
_d76800